01351nam a2200349 4500001000400000003000400004005001700008008004100025020001800066040000800084041001300092082001600105100003300121240002300154245008700177260004100264300001100305490002800316520041400344650002300758650002200781650002200803650001300825650001500838650003000853650001600883650001000899655001000909655001600919700003800935830002800973123OSt20250528074012.0250128b |||||||g |||| 00| j eng d a9788520923542 bpor hengapor a823bC555ab1 aChristie, Agatha,d1890-1976 aMurder on the mews aAssassinato no beco /cChristie, Agatha ; Tradução de José Inácio Werneck aRio de JaneirobNova Fronteirac1976 a228 p.1 aDetetive Hercule Poirot aA bonita, resplandecente mulher, apanhou o copo de gim e, num gole, esvaziou-o. Repentinamente, alguém disse: - O que aconteceu? E, olhando fixo para a mulher, notou que ela pendia da cadeira, os lábios sem cor, a mão no coração. Angustiada, ela lutava desesperadamente para recuperar o fôlego. Então alguém gritou: - Chamem um médico... rápido! Cinco minutos depois a mulher estava morta. 0aLiteratura Inglesa 0aHistorias curtas  0aRomance Policial  0aSuspense 0aMistério 0aCrime e Investigação  0aClássicos 0aFilme 0aConto 0aFicção  aJosé Inácio WerneckeTradutor aDetetive Hercule Poirot